Derechos fundamentales y democracia deliberativa : (Registro nro. 11749)

Detalles MARC
000 -LEADER
fixed length control field 01210nam a2200289 4500
001 - CONTROL NUMBER
control field 0000022222
003 - CONTROL NUMBER IDENTIFIER
control field CO-CtgCURN
005 - DATE AND TIME OF LATEST TRANSACTION
control field 20250329191030.0
007 - PHYSICAL DESCRIPTION FIXED FIELD--GENERAL INFORMATION
fixed length control field ta
008 - FIXED-LENGTH DATA ELEMENTS--GENERAL INFORMATION
fixed length control field 160627s2006 000 0 eng d
020 ## - INTERNATIONAL STANDARD BOOK NUMBER
International Standard Book Number 958350548X
040 ## - CATALOGING SOURCE
Original cataloging agency CO-CtgCURN
Language of cataloging spa
Transcribing agency coctgcurn
082 0# - DEWEY DECIMAL CLASSIFICATION NUMBER
Classification number 321.8
Item number D948d
100 1# - MAIN ENTRY--PERSONAL NAME
Personal name Durango Alvarez, Gerardo.
245 10 - TITLE STATEMENT
Title Derechos fundamentales y democracia deliberativa :
Remainder of title una aproximacion desde la teoria habermasiana /
Statement of responsibility, etc. Gerardo Durango Alvarez.
260 ## - PUBLICATION, DISTRIBUTION, ETC.
Place of publication, distribution, etc. Bogotá :
Name of publisher, distributor, etc. Editorial Temis,
Date of publication, distribution, etc. 2006.
300 ## - PHYSICAL DESCRIPTION
Extent xix, 240 p.
336 ## - CONTENT TYPE
Source rdacontent
337 ## - MEDIA TYPE
Source rdamedia
Media type term sin mediacion
Media type code n
338 ## - CARRIER TYPE
Source rdacarrier
Carrier type term volumen
Carrier type code nc
504 ## - BIBLIOGRAPHY, ETC. NOTE
Bibliography, etc. note Incluye bibliografia.
505 8# - FORMATTED CONTENTS NOTE
Formatted contents note Relacion entre el principio discurso y el derecho: una aproximacion a la comunidad argumentativa constructiva de las normas de derecho.--De la democracia representativa a la democracia deliberativa una aproximacion a la teoria.--Mecanismo de participacion ciudadana en la constitucion colombiana de 1991
650 14 - SUBJECT ADDED ENTRY--TOPICAL TERM
Topical term or geographic name entry element Derecho y sociedad.
908 ## - PUT COMMAND PARAMETER (RLIN)
Put command parameter 160627
942 ## - ADDED ENTRY ELEMENTS (KOHA)
Koha item type Libros
Classification part 321.8
Item part D948d
Source of classification or shelving scheme Dewey Decimal Classification
Existencias
Withdrawn status Lost status Source of classification or shelving scheme Damaged status Not for loan Collection Home library Current library Shelving location Date acquired Inventory number Total checkouts Full call number Barcode Date last seen Price effective from Koha item type Public note
    Dewey Decimal Classification     General Miguel Henríquez Castañeda Miguel Henríquez Castañeda General 03/29/2025 012987   321.8 D948d 012987 03/29/2025 03/29/2025 Libros 320-CIENPO